000 00990cam a2200241 4500
001 L129796
002 8845
008 050520s2005 000 0 eng u
020 _a0954433009
035 _a(Sirsi) u129796
041 _aeng
050 _a711.5203
_c18
100 _aCowan, Robert
245 0 4 _aThe dictionary of urbanism
260 _aTisbury
_bStreetwise
_c2005
300 _axx, 468p.
_c25cm.
350 _a29.95
520 _aThis dictionary of urbanism includes a wide variety of names, terms and buzz words covering the fields of urban design, planning, regeneration and the culture of cities. Entries range from informative essays on words like 'community' and 'sustainable' to more light hearted ones. The Urbanwords website includes the introduction to the dictionary, a list of entries and a selection of quotations.
651 4 _aUnited Kingdom
_y
690 _aPROPERTY
690 _aENVIRONMENTAL AND LAND CONSULTANCY-PLANNING AND DEVELOPMENT
942 _n0
999 _c104279
_d104279